000 00683nam a2200229 i 4500
001 2249805
003 OSt
005 20260202141640.0
008 780726s1978 maua b 001 0 eng
020 _a0316522260.
_a0316522279
020 _a9780316522274
040 _aKABLIB
_cKABLIB
_beng
082 0 0 _a615.7
_223
_bLEV
100 1 _aLevine, Ruth R.
_914976
245 1 0 _aPharmacology :
_bdrug actions and reactions /
_cRuth R. Levine ; foreword by Byron B. Clark.
250 _a2d ed.
260 _aBoston :
_bLittle, Brown,
_cc1978.
300 _axv, 513 p. :
_bill. ;
_c24 cm.
504 _aIncludes bibliographies and index.
650 0 _aPharmacology.
942 _2ddc
_cBOOK
_e2nd
999 _c5936
_d5936